000 01275nam a22002777a 4500
999 _c7140
_d7140
003 AR-CdUCM
008 190320b ||||| |||| 00| 0 spa d
040 _aMUNICIPALIDAD PROVINCIAL DEL CUSCO
_cBIBLIOTECA MUNICIPAL DEL CUSCO
041 _heng
082 _a658. /
_bH75
100 _aHolt , Charles . C.
_920127
245 _aPlaneamiento de la producción :
_binventarios y mano de obra /
260 _aMéxico, D.F :
_bHerrero Hnos. Sucs,
_c1963.
300 _aVIIi-XV ,469 paginas ;
_bIlustraciones, diagramas, cuadros
_c 24 cm.
500 _aTitulo original : Planning production, inventories, and work force
505 _aProblemas, métodos y resultados -- Reglas de desciciones para el planteamiento de la producción y la mano de obra -- Estimación de las relaciones entre costos y producción, mano de obra e inventario -- Derivación y calculo de las normas de decisiones -- Decisiones lineales en casos de incertidumbre...
650 _aProduccion
_91785
650 _aInventarios
_920128
650 _aHoja de calculo
_920129
700 _aModigliani , Franco.
_920130
700 _aRivero Caso, Ramón. (Traductor)
_920131
700 _aMuth , Jhon F.
_920132
700 _aSimon , Herbert Alexander,
_920133
942 _2ddc
_cLIBROS
945 _awnts